Štúdium možností prípravy polymérnych nanokompozitov na báze polyolefínov v tavenine

Saved in:
Bibliographic Details
Main Author: Orihelová, Miroslava (Author)
Format: Manuscript Book
Language:Slovak
Published: Bratislava : STU v Bratislave FCHPT, 2002
Edition:Obháj.: 4.6.2002
Tags: Add Tag
No Tags, Be the first to tag this record!

MARC

LEADER 00000ntm a22000003a 4500
001 stu76813
005 20150617225644.6
008 020725s2002----xo------------------slo-d
040 |a STU  |b slo 
041 0 |a slo 
044 |a xo 
100 1 |a Orihelová, Miroslava  |4 aut 
245 1 |a Štúdium možností prípravy polymérnych nanokompozitov na báze polyolefínov v tavenine 
250 |a Obháj.: 4.6.2002 
260 |a Bratislava :  |b STU v Bratislave FCHPT,  |c 2002 
300 |a 41 s. Obr.,tab.,grafy,lit 
500 |a Špec.: Plasty a kaučuk 
996 |b 284C026999  |c C*D13720  |l CCI  |s A  |a 24  |w stu76813_0001